Juan Pablo II: el Papa peregrino, 25 años

Saved in:
Bibliographic Details
Corporate Author: Fundación Teresa de Los Andes (Author)
Format: Book
Language:Spanish
Published: Papers AF Editores 2003
Edition:1a. ed
Subjects:
Tags: Add Tag
No Tags, Be the first to tag this record!

MARC

LEADER 00000cam a2200000 a 4500
001 UCE2393
003 CL-VaPUC
008 140703e20030000cl |||||||||||||||||spa|d
082 0 4 |a 922.21  |b FUN  |2 21 
110 2 |a Fundación Teresa de Los Andes  |e author  |9 574856 
245 1 0 |a Juan Pablo II: el Papa peregrino, 25 años 
250 |a 1a. ed 
300 |a 88 p 
942 |c BK 
945 |d 20140703 14:09:00  |a dcastane 
260 |b Papers AF Editores  |c 2003 
600 0 |a Juan Pablo II  |9 309920 
650 0 |a Biografías  |9 255210 
650 7 |a RELIGIOSOS  |2 CL-VaPUC  |9 352012 
583 |a last modification  |c 20140703 14:09:00  |k Rodrigo Vera 
999 |c 355995  |d 355993